Word Ladder: Well-Grounded Quiz Stats

 Plays Quiz Updated Apr 30, 2014

Support Sporcle.
Go Orange.
Score 0/45 Timer 04:00
0 Plays Today
Hint 4-Letter Word % Correct
Sports squadTEAM
94.1%
Taxi chargeFARE
93.6%
✿ TWAIN OR WAHLBERG, e.g. ✿✿ MARK ✿
93.5%
Stallion's mateMARE
92.9%
SemesterTERM
91.8%
Rabbit relativeHARE
90.5%
1/1000th of a kiloGRAM
90.3%
✿ SEIZE ✿✿ GRAB ✿
90%
Volume-izing hair treatmentPERM
89.8%
Lobster's pincerCLAW
89.5%
TrolleyTRAM
89.4%
Cancer creatureCRAB
88.4%
EmployHIRE
87.2%
Bragg, Knox, or Sumter, e.g.FORT
87.1%
HairlessBALD
86.6%
Hay unitBALE
86.2%
✿ HARBOR TOWN ✿✿ PORT ✿
85.8%
Flooring squareTILE
85%
PerkyPERT
84.5%
Financial penaltyFINE
84.4%
Freeway divisionLANE
83.3%
Avian songsterLARK
83.1%
Bilious fluidBILE
82.5%
Hint 4-Letter Word % Correct
✿ 2 POINTS CONNECTOR ✿✿ LINE ✿
81.8%
Leather and ____LACE
81.3%
Cole ____SLAW
81.2%
✿ GOLD SOURCE ✿ ✿ MINE ✿
81.2%
Don't haveLACK
81.1%
✿ CULTIVATE CROPS ✿✿ FARM ✿
80.9%
GulletCRAW
80.6%
Bedframe cross-pieceSLAT
80.1%
Aperture for a coinSLOT
79.9%
ShapeFORM
79.2%
Former Italian currencyLIRE
78.9%
✿ GLASGOW RESIDENT ✿✿ SCOT ✿
78.2%
Abrasive toolFILE
77.5%
Work in the gardenTILL
75.6%
Traditional knowledgeLORE
75.2%
FenMIRE
75.1%
✿ OCCUPY COMPLETELY ✿✿ FILL ✿
74.9%
Crisco, e.g.LARD
74.4%
UnyieldingHARD
73.4%
✿ MASTER ✿✿ LORD ✿
73.1%
Musical comboBAND
64.7%
✿ COMMON BOND ✿✿ LAND ✿
39.1%

Today's Daily Dose

Word Ladder
Math Aid

Get the Picture
Warrior Women

You're not logged in!

Compare scores with friends on all Sporcle quizzes.
OR
Log In
Forgot?

From the Vault

A Song of Ice and Fire Nicknames

by MadHatterBlues

We are just biding our time until a crucial character gets the nickname - The Gopher In Heat.
Remove Ads.
Support Sporcle.
Get the best of Sporcle when you Go Orange. This ad-free experience offers more features, more stats, and more fun while also helping to support Sporcle. Thank you for becoming a member.

Show Comments

Extras

Top Quizzes Today


Score Distribution

Your Account Isn't Verified!

In order to create a playlist on Sporcle, you need to verify the email address you used during registration. Go to your Sporcle Settings to finish the process.

Report this User

Report this user for behavior that violates our Community Guidelines.

Details: